Spanish Words #2 - Sudden Death - Statistics

General Stats
  • This quiz has been taken 67 times
    66 since last reset
  • The average score is 14 of 18
Answers on the Grid
Answers color-coded by a green-red scale on the quiz's grid according to % correct below.
Luz
Día
Continente
Pelota
León
Mar
Él
Saltar
Camisa
Mano
Ayer
Lunes
Edificio
Mundo
Bandera
Azul
Viaje
Teléfono
Cucero
Basara
Beladar
Nopué
Zanire
Cicoso
Madol
 
Answer Stats
Answer % Correct
Blue Azul
93%
Day Día
91%
He Él
89%
Monday Lunes
89%
Trip Viaje
89%
Shirt Camisa
87%
Phone Teléfono
87%
Hand Mano
84%
Yesterday Ayer
80%
Flag Bandera
78%
World Mundo
78%
Light Luz
76%
Continent Continente
73%
Building Edificio
73%
Lion León
71%
Ball Pelota
71%
Sea Mar
67%
To jump Saltar
64%
No matching quizzes found
Score Distribution
Percent of People with Each Score
Percentile by Number Answered
Your Score History
You have not taken this quiz since the last reset